Statistics for African Countries by Rainfall

Click here to take the quiz!

General Stats

  • This quiz has been taken 15 times
  • The average score is 11 of 13

Answer Stats

Rainfall in mmCountry% Correct
1,135Kenya
100%
956Tanzania
100%
1,295Uganda
100%
1,169Ghana
93%
1,024Mozambique
93%
1,197Nigeria
93%
1,164Rwanda
93%
1,158Ethiopia
86%
952Malawi
86%
893Zambia
86%
679Senegal
71%
748Mali
50%
815Burkina Faso
43%

Score Distribution

Percentile by Number Answered

Percent of People with Each Score

Your Score History

You have not taken this quiz